000 00210 a2200097 4500
001 53346
100 _aWatrowski
245 _aLogic circiutis & micro
260 _aN.Y
_bMc Graw Hill
_c
090 _c33594
_d33594
942 _aNUST-CAE
_cM
_c26218
999 _c288419
_d288419